Aciertos y vacíos de la ley sobre regulación del referéndum /

Uloženo v:
Podrobná bibliografie
Hlavní autor: Fernández Masís, Héctor
Médium: Text
Tagy: Přidat tag
Žádné tagy, Buďte první, kdo vytvoří štítek k tomuto záznamu!

MARC

LEADER 00000 a a2200000 04500
001 41923
003
040
100 |a Fernández Masís, Héctor  
245 |a Aciertos y vacíos de la ley sobre regulación del referéndum /  |c Héctor Fernández Masís  
773 |g (2009), páginas 135-151  
999 |c 32577  |d 32577